00447 2200181 4500245006200000020001600062250001100078100002100089700001400110650001800124650001400142005001900156260003500175041001400210084001000224300002200234336000900256 aRahasia Kelezatan Kudapan Di OvencDanny S. TamtomohText a979-23-6518 aCet. 1 aDanny S. Tamtomo aSumartini aResep Makanan aResep Kue a20241018134157 aJakartabKompas Gramediac2017 aIndonesia a641.5 a266 hlm. :cilus. atext